[Event "Asian Continental Chess Championship 2015 - Open"]
[Site ""]
[Date "2015.08.02"]
[Round "1"]
[Board "28"]
[White "Lin, Chen"]
[Black "Al-Hajiri, Bader"]
[Result "1-0"]
[WhiteElo "2494"]
[BlackElo "2238"]
[PlyCount "95"]
[EventDate "2015.08.02"]
[EventRounds "9"]
[EventCountry "UAE"]

1. e4 e5 2. Nf3 Nf6 3. Nxe5 d6 4. Nf3 Nxe4 5. Bd3 Nf6 6. h3 d5 7. O-O Be7 8. c3
Nc6 9. Bb5 a6 10. Bxc6+ bxc6 11. Ne5 Qd6 12. d4 O-O 13. Bf4 Ne8 14. Re1 Qf6 15.
Bg3 Rb8 16. b4 Rb6 17. Nd2 Nd6 18. a4 a5 19. bxa5 Ra6 20. Nd3 Rxa5 21. Be5 Qg6
22. Nb3 Ra7 23. Bxg7 Qxg7 24. Rxe7 Ne4 25. Qf3 Nxc3 26. Ndc5 Ne4 27. Nxe4 dxe4
28. Rxe4 Be6 29. Qe3 Kh8 30. Nc5 Rg8 31. g4 Bd5 32. Re8 h5 33. Rxg8+ Kxg8 34.
Qe8+ Kh7 35. Qe5 hxg4 36. Qxg7+ Kxg7 37. hxg4 Kf6 38. Kh2 Kg5 39. Kg3 Ra8 40.
a5 Bc4 41. a6 Ra7 42. f4+ Kg6 43. f5+ Kf6 44. Kf4 Ke7 45. g5 Kd6 46. f6 Kd5 47.
g6 fxg6 48. f7 1-0

[Event "Asian Continental Chess Championship 2015 - Open"]
[Site ""]
[Date "2015.08.02"]
[Round "1"]
[Board "29"]
[White "Bayarmandakh, Balgan"]
[Black "Dzhumaev, Marat"]
[Result "0-1"]
[WhiteElo "2225"]
[BlackElo "2493"]
[PlyCount "46"]
[EventDate "2015.08.02"]
[EventRounds "9"]
[EventCountry "UAE"]

1. d4 Nf6 2. c4 g6 3. g3 Bg7 4. Bg2 O-O 5. e4 c5 6. Ne2 cxd4 7. Nxd4 Qc7 8. Qd3
Nc6 9. Nxc6 dxc6 10. O-O Be6 11. Na3 Rad8 12. Qc2 Ng4 13. Rb1 Bd4 14. Bf4 Qa5
15. h3 Ne5 16. Kh2 b5 17. cxb5 cxb5 18. Qe2 Nc4 19. Rfc1 Rc8 20. Rd1 Rfd8 21.
Rd3 Bg7 22. Rb3 a6 23. Nc2 Qxa2 0-1

[Event "Asian Continental Chess Championship 2015 - Open"]
[Site ""]
[Date "2015.08.02"]
[Round "1"]
[Board "30"]
[White "Kunte, Abhijit"]
[Black "Mamyrbay, Assad"]
[Result "1-0"]
[WhiteElo "2493"]
[BlackElo "2217"]
[PlyCount "91"]
[EventDate "2015.08.02"]
[EventRounds "9"]
[EventCountry "UAE"]

1. c4 c5 2. Nc3 Nc6 3. Nf3 Nf6 4. e3 e6 5. d4 d5 6. cxd5 Nxd5 7. Bd3 cxd4 8.
exd4 Be7 9. O-O O-O 10. a3 Nf6 11. Bc2 b6 12. Qd3 Bb7 13. Re1 Rc8 14. d5 Nb8
15. Bg5 Ba6 16. Qd2 exd5 17. Rxe7 Qxe7 18. Nxd5 Qe2 19. Qxe2 Bxe2 20. Ne7+ Kh8
21. Nxc8 Rxc8 22. Nd4 Bc4 23. Rd1 Nbd7 24. Bf5 Rc5 25. Be3 g6 26. Bb1 Kg7 27.
Nf3 Rb5 28. Rd2 Nd5 29. Bd4+ f6 30. Bc2 Nc5 31. b4 Nb3 32. Bxb3 Bxb3 33. Bb2
Nf4 34. Nd4 Re5 35. h4 Re1+ 36. Kh2 Bd5 37. f3 Re3 38. Nb5 Rd3 39. Rxd3 Nxd3
40. Bd4 a5 41. Nc7 Bf7 42. b5 Ne5 43. Bxb6 Nc4 44. Bd4 a4 45. b6 Na5 46. g4 1-0

[Event "Asian Continental Chess Championship 2015 - Open"]
[Site ""]
[Date "2015.08.02"]
[Round "1"]
[Board "31"]
[White "Ayyad, Maher"]
[Black "Gundavaa, Bayarsaikhan"]
[Result "0-1"]
[WhiteElo "2122"]
[BlackElo "2492"]
[PlyCount "32"]
[EventDate "2015.08.02"]
[EventRounds "9"]
[EventCountry "UAE"]

1. d4 Nf6 2. c4 e6 3. Nf3 d5 4. Nc3 Bb4 5. Bg5 Nbd7 6. cxd5 exd5 7. e3 h6 8.
Bh4 g5 9. Bg3 Ne4 10. Qb3 c5 11. a3 Bxc3+ 12. bxc3 c4 13. Qb2 Qb6 14. Qc2 Qa5
15. Rc1 Qxa3 16. Be2 Nb6 0-1

[Event "Asian Continental Chess Championship 2015 - Open"]
[Site ""]
[Date "2015.08.02"]
[Round "1"]
[Board "32"]
[White "Debashis, Das"]
[Black "Shrestha, Keshav"]
[Result "1/2-1/2"]
[WhiteElo "2489"]
[BlackElo "2118"]
[PlyCount "104"]
[EventDate "2015.08.02"]
[EventRounds "9"]
[EventCountry "UAE"]

1. e4 e5 2. Nf3 Nc6 3. Bb5 a6 4. Ba4 Nf6 5. O-O Be7 6. d3 b5 7. Bb3 d6 8. a3
O-O 9. Nc3 Na5 10. Ba2 c5 11. Bg5 Be6 12. Bxf6 Bxf6 13. Nd5 Nc6 14. a4 b4 15.
Bc4 Na5 16. Qd2 Nc6 17. c3 a5 18. cxb4 Nxb4 19. Nxb4 axb4 20. Bxe6 fxe6 21. Qc2
Qd7 22. Nd2 Bg5 23. Nc4 Ra7 24. Qe2 Bh6 25. b3 Qc6 26. Ra2 Rf6 27. g3 Raf7 28.
Kg2 Qa6 29. a5 Ra7 30. Qh5 Raf7 31. Qe2 Ra7 32. Qc2 g6 33. Qd1 Bf8 34. h4 h5
35. Qc2 Raf7 36. Nb6 d5 37. Kg1 Qb7 38. Qe2 Bd6 39. Qe3 Qc6 40. Rc1 Kh7 41. Kg2
c4 42. dxc4 dxe4 43. c5 Bf8 44. Rc4 Rf3 45. Qxe4 Qxe4 46. Rxe4 Bxc5 47. Ree2
Rxb3 48. Nc4 Bd4 49. Nxe5 Bxe5 50. Rxe5 Ra7 51. a6 Kg7 52. Rb5 Kf6 1/2-1/2

[Event "Asian Continental Chess Championship 2015 - Open"]
[Site ""]
[Date "2015.08.02"]
[Round "1"]
[Board "33"]
[White "Baimurzin, Aitkazy"]
[Black "Batchuluun, Tsegmed"]
[Result "0-1"]
[WhiteElo "2096"]
[BlackElo "2485"]
[PlyCount "64"]
[EventDate "2015.08.02"]
[EventRounds "9"]
[EventCountry "UAE"]

1. Nf3 c5 2. c4 Nc6 3. g3 g6 4. Bg2 Bg7 5. Nc3 Nh6 6. O-O Nf5 7. d3 O-O 8. Bd2
a6 9. a3 Rb8 10. Rb1 b5 11. cxb5 axb5 12. b4 cxb4 13. axb4 e6 14. Ne4 d6 15. g4
Nfe7 16. Qc1 e5 17. g5 Be6 18. Nf6+ Kh8 19. Ne4 Rc8 20. Qd1 Nf5 21. Kh1 Re8 22.
Rg1 d5 23. Nc5 e4 24. dxe4 dxe4 25. Nxe4 Ba2 26. Ra1 Bc4 27. Nc3 Nxb4 28. e4
Nd3 29. Rf1 Nb2 30. Qb1 Bxf1 31. Bxf1 Nd4 32. Ne1 Na4 0-1

[Event "Asian Continental Chess Championship 2015 - Open"]
[Site ""]
[Date "2015.08.02"]
[Round "1"]
[Board "34"]
[White "Venkatesh, M.R."]
[Black "Galappaththi, Chinthaka Anurud"]
[Result "1/2-1/2"]
[WhiteElo "2484"]
[BlackElo "2066"]
[PlyCount "56"]
[EventDate "2015.08.02"]
[EventRounds "9"]
[EventCountry "UAE"]

1. e4 e6 2. d4 d5 3. Nd2 Nf6 4. e5 Nfd7 5. Bd3 c5 6. c3 Nc6 7. Ngf3 Qb6 8. O-O
cxd4 9. cxd4 Nxd4 10. Nxd4 Qxd4 11. Nf3 Qb6 12. Qc2 Bc5 13. Bd2 a5 14. Rac1 Qa7
15. Qa4 b6 16. a3 Ba6 17. Bxa6 Qxa6 18. Qg4 g6 19. b4 axb4 20. axb4 Be7 21. Bh6
Qd3 22. Rfe1 Qf5 23. Qd4 g5 24. Bg7 Rg8 25. Bf6 Nxf6 26. exf6 Bxf6 27. Qxb6 Kf8
28. Nd4 Bxd4 1/2-1/2

[Event "Asian Continental Chess Championship 2015 - Open"]
[Site ""]
[Date "2015.08.02"]
[Round "1"]
[Board "35"]
[White "Nassar, Marwan"]
[Black "Sunilduth Lyna, Narayanan"]
[Result "0-1"]
[WhiteElo "2030"]
[BlackElo "2481"]
[PlyCount "76"]
[EventDate "2015.08.02"]
[EventRounds "9"]
[EventCountry "UAE"]

1. e4 c6 2. d4 d5 3. exd5 cxd5 4. Nf3 Nc6 5. c3 Nf6 6. Bd3 Bg4 7. Bf4 e6 8. h3
Bh5 9. Nbd2 Bd6 10. Bxd6 Qxd6 11. O-O O-O 12. Re1 a6 13. a4 Rfe8 14. g4 Bg6 15.
Bxg6 hxg6 16. Ne5 Qc7 17. Ndf3 Ne4 18. Qd3 g5 19. Nxc6 bxc6 20. Qe3 f6 21. b4
Qf4 22. Rec1 a5 23. Ne1 Nd2 24. Rc2 Nc4 25. Qxf4 gxf4 26. Nd3 e5 27. Kg2 Kf7
28. Nb2 Nb6 29. Nd3 Re7 30. Raa2 Nc4 31. Nb2 Nd6 32. Nd3 f3+ 33. Kh2 e4 34. Nb2
g5 35. bxa5 Rh8 36. Rc1 f5 37. Rg1 Kf6 38. gxf5 Rxh3+ 0-1

[Event "Asian Continental Chess Championship 2015 - Open"]
[Site ""]
[Date "2015.08.02"]
[Round "1"]
[Board "36"]
[White "Mollah Abdullah, Al Rakib"]
[Black "Alattar, Rakan"]
[Result "0-1"]
[WhiteElo "2473"]
[BlackElo "2012"]
[PlyCount "96"]
[EventDate "2015.08.02"]
[EventRounds "9"]
[EventCountry "UAE"]

1. d4 Nf6 2. Nf3 g6 3. c3 Bg7 4. Bg5 O-O 5. Nbd2 d5 6. e3 Bf5 7. Be2 h6 8. Bh4
Nc6 9. O-O g5 10. Bg3 Ne4 11. Nxe4 dxe4 12. Nd2 e5 13. Nc4 exd4 14. cxd4 Be6
15. Rc1 f5 16. d5 Qxd5 17. Bxc7 Rf7 18. Bd6 Rd8 19. Qxd5 Bxd5 20. Rfd1 Be6 21.
b4 Rfd7 22. b5 Na5 23. Nxa5 Rxd6 24. Rxd6 Rxd6 25. Nxb7 Rd2 26. Kf1 Rxa2 27.
Bc4 Bxc4+ 28. Rxc4 Ra1+ 29. Ke2 Ra2+ 30. Kf1 Ra1+ 31. Ke2 Ra2+ 32. Ke1 Bf8 33.
Nd8 Ra1+ 34. Ke2 Ra2+ 35. Ke1 Ra1+ 36. Kd2 Ra2+ 37. Rc2 Bb4+ 38. Kc1 Rxc2+ 39.
Kxc2 Bc5 40. Nb7 Be7 41. Kb3 Kf7 42. Ka4 Ke6 43. Ka5 Kd5 44. Ka6 Bc5 45. Nxc5
Kxc5 46. g3 Kb4 47. h3 h5 48. h4 g4 0-1

[Event "Asian Continental Chess Championship 2015 - Open"]
[Site ""]
[Date "2015.08.02"]
[Round "1"]
[Board "37"]
[White "Bahaa M.T. , Maswada"]
[Black "Utegaliyev, Azamat"]
[Result "0-1"]
[WhiteElo "1855"]
[BlackElo "2469"]
[PlyCount "124"]
[EventDate "2015.08.02"]
[EventRounds "9"]
[EventCountry "UAE"]

1. e4 g6 2. Nf3 Bg7 3. c3 d6 4. d4 Nd7 5. Bc4 e6 6. O-O Ne7 7. Re1 O-O 8. Nbd2
b6 9. Nf1 Bb7 10. Bb3 e5 11. Ng3 h6 12. h4 Kh7 13. h5 Nc6 14. Bd5 Qe7 15. Qa4
Nd8 16. Bxb7 Nxb7 17. Be3 Nf6 18. hxg6+ fxg6 19. Qa6 Nd8 20. dxe5 dxe5 21. Rad1
Nf7 22. Rd3 Nd6 23. Qa4 Rf7 24. Kf1 Ng4 25. Ke2 Nxe3 26. Rxe3 h5 27. Rd3 Rf4
28. Kd2 h4 29. Nf1 b5 30. Qb3 Rxe4 31. Qd5 Rxe1 32. Kxe1 e4 33. Re3 Rd8 34.
Nxh4 Bf6 35. Nf3 Nc4 36. Qxe4 Qd6 37. Qc2 Nxe3 38. Nxe3 Kg7 39. Qb3 c6 40. a4
Qd3 41. axb5 cxb5 42. Qc2 Qxc2 43. Nxc2 Kf7 44. Ncd4 a6 45. Ke2 Rh8 46. Nc6 Ke6
47. Nb4 a5 48. Nc6 Ra8 49. Ncd4+ Kd5 50. Nxb5 Kc4 51. Nbd4 Bxd4 52. Nxd4 Rb8
53. b3+ Kxc3 54. Nc6 Ra8 55. f4 Kxb3 56. Nxa5+ Rxa5 57. Ke3 Ra4 58. Kf3 Rd4 59.
Kg4 Kc4 60. Kg5 Kd5 61. g3 Ke4 62. Kxg6 Rd6+ 0-1

[Event "Asian Continental Chess Championship 2015 - Open"]
[Site ""]
[Date "2015.08.02"]
[Round "1"]
[Board "38"]
[White "Xu, Yinglun"]
[Black "Ezizov, Jumamuhammet"]
[Result "1-0"]
[WhiteElo "2463"]
[BlackElo "1789"]
[PlyCount "85"]
[EventDate "2015.08.02"]
[EventRounds "9"]
[EventCountry "UAE"]

1. d4 Nf6 2. c4 e6 3. Nf3 Bb4+ 4. Bd2 Qe7 5. Nc3 c6 6. a3 Bxc3 7. Bxc3 Na6 8.
e3 Ne4 9. Rc1 O-O 10. Bd3 Nxc3 11. Rxc3 Nc7 12. O-O d6 13. Qb1 h6 14. c5 Nd5
15. Rcc1 Bd7 16. Rfd1 Rfd8 17. g3 Qf6 18. Be2 Be8 19. cxd6 Nb6 20. e4 Qg6 21.
Nh4 Qg5 22. Rc5 f5 23. Qa2 Rxd6 24. Nxf5 Qd8 25. Nxd6 Qxd6 26. a4 Bf7 27. a5
Nd7 28. Rc3 Rd8 29. Qb3 Qc7 30. Bc4 Nf8 31. d5 exd5 32. Bxd5 Re8 33. Bxf7+ Qxf7
34. Qxf7+ Kxf7 35. a6 bxa6 36. f3 Rb8 37. Rxc6 Rxb2 38. Rxa6 Rb7 39. Rda1 Ne6
40. Rxa7 Rxa7 41. Rxa7+ Kf6 42. Ra6 Kf7 43. Rxe6 1-0

[Event "Asian Continental Chess Championship 2015 - Open"]
[Site ""]
[Date "2015.08.02"]
[Round "1"]
[Board "39"]
[White "Sulimani, Yaser"]
[Black "Tabatabaei, M.Amin"]
[Result "0-1"]
[WhiteElo "1760"]
[BlackElo "2458"]
[PlyCount "70"]
[EventDate "2015.08.02"]
[EventRounds "9"]
[EventCountry "UAE"]

1. d4 Nf6 2. c4 e6 3. Nc3 Bb4 4. Nf3 O-O 5. e3 c5 6. Bd3 d6 7. O-O Bxc3 8. bxc3
Nc6 9. Re1 e5 10. Bc2 e4 11. Nd2 Qe7 12. f3 exf3 13. Qxf3 cxd4 14. e4 Ne5 15.
Qf1 dxc3 16. Nf3 Be6 17. Nxe5 dxe5 18. a4 Qc5+ 19. Be3 Qxc4 20. Qxc4 Bxc4 21.
Ra3 Rfc8 22. Rxc3 Ba6 23. Rxc8+ Rxc8 24. Rc1 b6 25. h3 Bb7 26. Bb3 Rxc1+ 27.
Bxc1 Nxe4 28. Be3 Nc5 29. Bc2 a5 30. Kf2 Bc6 31. Bxc5 bxc5 32. g3 g6 33. Ke3 f5
34. Bb3+ Kg7 35. Bc2 Kf6 0-1

[Event "Asian Continental Chess Championship 2015 - Open"]
[Site ""]
[Date "2015.08.02"]
[Round "1"]
[Board "40"]
[White "Lou, Yiping"]
[Black "Bukhari, Mohameed"]
[Result "1-0"]
[WhiteElo "2454"]
[BlackElo "1737"]
[PlyCount "79"]
[EventDate "2015.08.02"]
[EventRounds "9"]
[EventCountry "UAE"]

1. d4 e6 2. e4 c5 3. d5 d6 4. Nc3 a6 5. a4 Nf6 6. Nf3 e5 7. h3 Be7 8. Be3 Bd7
9. g4 O-O 10. Rg1 Ne8 11. h4 b6 12. g5 f5 13. gxf6 Bxf6 14. Ng5 Qe7 15. Bc4
Bxg5 16. hxg5 g6 17. Qb1 Ng7 18. b4 Bc8 19. bxc5 bxc5 20. Qb6 Nd7 21. Qc7 Ne8
22. Qa5 Ra7 23. Rb1 Nc7 24. Kd2 Qd8 25. Be2 Na8 26. Qxd8 Rxd8 27. Rb3 Nc7 28.
Bg4 Ra8 29. Rgb1 Nf8 30. Bxc8 Raxc8 31. Rb7 Rd7 32. Kd3 c4+ 33. Kd2 Rf7 34.
R1b6 Rd7 35. Rc6 Nxd5 36. exd5 Rxc6 37. dxc6 Rxb7 38. cxb7 Nd7 39. Nd5 Kf7 40.
Ba7 1-0